000 nam a22 7a 4500
999 _c8343
_d8343
008 180110b ||||| |||| 00| 0 eng d
100 _94758
_aJAI SINGH S.ET AL
245 _aGREEN LIFE ENVIRONMENT-1
260 _aNEW DELHI
_bAPC
_c2017